| 000 | 00507nam a2200181Ia 4500 | ||
|---|---|---|---|
| 008 | 090124s9999 xx 000 0 und d | ||
| 082 | _b25156 | ||
| 100 | _aधुरी विरेंद्र ह. | ||
| 245 | _a दंश | ||
| 250 | _a0 | ||
| 260 |
_bडिंपल प्रकाशन _c1986 |
||
| 300 | _a120 | ||
| 600 | _aधुरी विरेंद्र ह. | ||
| 630 | _a दंश | ||
| 700 | _aधुरी विरेंद्र ह. | ||
| 730 | _a दंश | ||
| 942 | _cBOOK | ||
| 999 |
_c93132 _d93132 |
||